000 00300nam a22001217a 4500
008 170613b xxu||||| |||| 00| 0 eng d
041 _aeng
080 _a32
100 _a19
101 _aSHP
245 _aGLOBAL ORDER VALUES AND POWER IN INTERNATIONAL POLITICS
_cMILLER.L.H
942 _2udc
_cBK
999 _c17082
_d17082